Statistics for 国铁特等站CR's S-Class Stations

Click here to take the quiz!

General Stats

  • This quiz has been taken 100 times
  • The average score is 39 of 79

Answer Stats

铁路局车站客运货运编组% Correct
北京局北京站1
98%
北京局北京西站
94%
北京局北京南站
92%
沈阳局沈阳站
89%
上海局上海站
85%
哈尔滨局哈尔滨站
83%
济南局济南站
81%
北京局石家庄站
81%
太原局太原站
80%
广铁集团广州站
79%
上海局上海虹桥站
79%
武汉局武汉站
79%
沈阳局沈阳北站
79%
北京局天津站
78%
郑州局郑州站
78%
成都局成都站
76%
上海局南京南站
74%
西安局西安站
74%
南宁局南宁站
73%
济南局青岛站
73%
沈阳局长春站
71%
上海局杭州东站
71%
广铁集团广州南站
70%
武汉局武昌站
70%
西安局西安北站
70%
济南局济南西站
70%
兰州局兰州西站
69%
北京局北京丰台站
69%
武汉局汉口站
69%
郑州局郑州东站
67%
成都局成都东站
67%
广铁集团深圳北站
66%
成都局重庆北站
61%
广铁集团广州东站
61%
广铁集团长沙南站
58%
哈尔滨局齐齐哈尔站
58%
沈阳局沈阳南站
56%
昆明局昆明南站
56%
上海局徐州站
54%
太原局大同站
54%
上海局合肥南站
49%
上海局徐州东站
47%
南宁局柳州站
47%
哈尔滨局佳木斯站
43%
哈尔滨局牡丹江站
43%
沈阳局山海关站
42%
上海局无锡站
42%
上海局常州站
40%
上海局杭州南站
39%
广铁集团株洲站
35%
成都局贵阳北站
34%
南宁局桂林北站
34%
上海局南京东站
29%
郑州局郑州北站
29%
广铁集团衡阳站
28%
南昌局鹰潭站
28%
昆明局昆明东站
27%
郑州局洛阳龙门站
27%
成都局成都北站
24%
郑州局商丘站
22%
沈阳局苏家屯站
22%
武汉局武汉北站
21%
南宁局柳州南站
20%
广铁集团衡阳东站
19%
广铁集团株洲北站
16%
成都局贵阳南站
15%
沈阳局裕国站
15%
上海局徐州北站
15%
上海局南翔站
15%
北京局丰台西站11
13%
北京局滨海西站
12%
西安局新丰镇站
12%
济南局济西站
11%
北京局南仓站
11%
南昌局向塘西站
11%
广铁集团衡阳北站
6%
广铁集团江村站
4%
西安局莲湖站
4%
上海局北郊站
4%

Score Distribution

Percentile by Number Answered

Percent of People with Each Score

Your Score History

You have not taken this quiz